Ethics and foreign policy /

Bibliographic Details
Main Author: Nye, Joseph S.
Corporate Author: Aspen Institute for Humanistic Studies
Format: Book
Language:English
Published: Wye Planation, Queenstown, Md. : Aspen Institute for Humanistic Studies, 1985.
Series:Occasional paper (Aspen Institute for Humanistic Studies)
Subjects:

MARC

Tag First Indicator Second Indicator Subfields
LEADER 00000cam a2200000 a 4500
001 in00000018314
005 20151007053216.0
008 860617s1985 cau b f00010 eng d
020 |a 0898430666 (pbk.) 
035 |a (OCoLC)13739099 
035 |9 AAB0802AM 
040 |a ARL  |c ARL  |d TXA  |d UtOrBLW 
049 |a TXAM  |c [A11071825] 
050 4 |a JA79  |b .N93 1985 
100 1 |a Nye, Joseph S. 
245 1 0 |a Ethics and foreign policy /  |c Joseph S. Nye, Jr. 
264 1 |a Wye Planation, Queenstown, Md. :  |b Aspen Institute for Humanistic Studies,  |c 1985. 
300 |a 30 pages ;  |c 28 cm. 
336 |a text  |b txt  |2 rdacontent 
337 |a unmediated  |b n  |2 rdamedia 
338 |a volume  |b nc  |2 rdacarrier 
490 1 |a Occasional paper / Aspen Institute for Humanistic Studies 
500 |a "A version of this paper was presented at a general meeting of the council on foreign relations, November 15, 1983, in Washington, D.C." 
650 0 |a Political ethics. 
650 0 |a International relations  |x Moral religious aspects. 
710 2 |a Aspen Institute for Humanistic Studies. 
830 0 |a Occasional paper (Aspen Institute for Humanistic Studies) 
999 |a MARS 
999 f f |s 27cc3a1a-90e6-3225-82f5-92318b97a22a  |i 4866aef3-e0d2-38c0-9d8a-95a69b40738d  |t 0 
952 f f |p ric  |a Texas A&M University  |b Rellis Campus  |c Joint Library Facility  |d Remote Storage  |t 0  |e JA79 .N93 1985  |h Library of Congress classification  |i unmediated -- volume  |m A14811071825 
998 f f |a JA79 .N93 1985  |t 0  |l Remote Storage